Wealth of India (Record no. 979034)

MARC details
000 -LEADER
fixed length control field 00946nam a2200289Ia 4500
003 - CONTROL NUMBER IDENTIFIER
control field OSt
005 - DATE AND TIME OF LATEST TRANSACTION
control field 20221005072217.0
008 - FIXED-LENGTH DATA ELEMENTS--GENERAL INFORMATION
fixed length control field 221004b |||||||| |||| 00| 0 eng d
020 ## - INTERNATIONAL STANDARD BOOK NUMBER
International Standard Book Number 8185038902
037 ## - SOURCE OF ACQUISITION
Terms of availability Textual
040 ## - CATALOGING SOURCE
Original cataloging agency CRL
Transcribing agency CRL
Language of cataloging eng
041 ## - LANGUAGE CODE
Source of code eng
Language code of text/sound track or separate title eng
110 ## - MAIN ENTRY--CORPORATE NAME
Corporate name or jurisdiction name as entry element Council of Scientific and Industrial Research
9 (RLIN) 122573
245 #0 - TITLE STATEMENT
Title Wealth of India
Remainder of title A dictionary of Indian raw materials and industrial products
260 ## - PUBLICATION, DISTRIBUTION, ETC.
Place of publication, distribution, etc. New Delhi
Name of publisher, distributor, etc. Council of Scientific and Industrial Research India
Date of publication, distribution, etc. 1990
300 ## - PHYSICAL DESCRIPTION
Extent 47p.
Dimensions cm.
490 ## - SERIES STATEMENT
Volume/sequential designation V2B
650 ## - SUBJECT ADDED ENTRY--TOPICAL TERM
Topical term or geographic name entry element ZOOLOGY
650 ## - SUBJECT ADDED ENTRY--TOPICAL TERM
Topical term or geographic name entry element BIRDS
9 (RLIN) 180529
700 ## - ADDED ENTRY--PERSONAL NAME
Personal name Council of Scientific and Industrial Research
9 (RLIN) 122574
942 ## - ADDED ENTRY ELEMENTS (KOHA)
Classification part K96, N0
Koha item type Textual
Source of classification or shelving scheme
Holdings
Withdrawn status Lost status Damaged status Not for loan Home library Current library Date acquired Source of acquisition Cost, normal purchase price Serial Enumeration / chronology Total Checkouts Full call number Barcode Date last seen Cost, replacement price Price effective from Koha item type
        Central Library Central Library 2022-10-05 248, 31/03/2006, N. R. Book Distributors 125.00 V2B   K96 N0 CL1383161 2022-10-05 125.00 2022-10-05 Textual
Copyright @ Delhi University Library System